=LDR 00000nam 2200000 4500 =001 INLIS000000000039598 =005 20200702120007 =035 ##$$a 0010-061300000039598 =008 200702################g##########0#ind## =082 ##$$a 2x5.1 =090 ##$$a 2x5.1, Amr, m =100 1#$$a Amruddin, Abu nada Muhammad =245 1#$$a Manisnya dunia,pahitnya neraka, fenomena kebahagiaan yg di buru,antara kenyataan dan impian /$c Abu Nada Muhammad Amruddin, Lc =260 ##$$a Jakarta :$b Perisai Qur'an,$c 2011 =300 ##$$a viii, 192hlm., ; $c 15x25 cm =850 ##$$a NBPNMAT =020 ##$$a 978-602-96562-4-4 =084 ##$$a 2x5.1 AMR m =250 ##$$a cet.1 =650 #4$$a Akhlak =990 ##$$a 21104365 =990 ##$$a 21195571/BPAP-NTB/2014 =990 ##$$a 21104363